header

An Introduction to stochastic processes in physics (Record no. 10266)

MARC details
000 -LEADER
fixed length control field 01421nam a2200337Ia 4500
082 04 - DEWEY DECIMAL CLASSIFICATION NUMBER
Classification number 530.15/923
100 1# - MAIN ENTRY--AUTHOR NAME
Personal name Lemons, Don S.
245 13 - TITLE STATEMENT
Title An Introduction to stochastic processes in physics
260 ## - PUBLICATION, DISTRIBUTION, ETC. (IMPRINT)
Place of publication Baltimore :
Name of publisher Johns Hopkins University Press,
Year of publication 2002.
300 ## - PHYSICAL DESCRIPTION
Number of Pages xii, 110 p. :
Other physical details ill.
650 #0 - SUBJECT ADDED ENTRY--TOPICAL TERM
Topical Term Stochastic processes.
Topical Term Mathematical physics.
700 1# - ADDED ENTRY--PERSONAL NAME
Personal name Langevin, Paul,
856 40 - ELECTRONIC LOCATION AND ACCESS
Uniform Resource Identifier http://site.ebrary.com/lib/rucke/Doc?id=10021559

No items available.

© 2026 Rongo University
Contact us: librarian | system librarian | Rongo university